Word Ladder: Getting the Kids Together Quiz Stats

 Plays Quiz Updated Jun 21, 2017

Support Sporcle.
Go Orange.
Score 0/15 Timer 02:00
0 Plays Today
Clue 4-Letter Word % Correct
Start some applauseCLAP
95.8%
Button on a DVD player or iPod• PLAY •
95.3%
What goes through the post officeMAIL
94.1%
Giant shopping centerMALL
94.1%
'What's the ___, Stan?'PLAN
92.4%
To hitSLAP
92%
Group of strongly connected peopleCLAN
90.9%
Australian way to say friendMATE
89.4%
Clue 4-Letter Word % Correct
Undergarment found below dressesSLIP
88.6%
Pass or ___FAIL
88.2%
To turn upside downFLIP
88%
Bull, colt, or peacock, e.g.MALE
87%
Fruit from a palm tree• DATE •
72.8%
French expression: '___ accompli'FAIT
70.6%
To move swiftly and lightlyFLIT
68.9%

Today's Daily Dose

You're not logged in!

Compare scores with friends on all Sporcle quizzes.
OR
Log In
Forgot?

From the Vault

DC Characters on the Big and Small Screens

by Doctor_Arzt

None of our superheroes were really concerned about the middle screens.
Remove Ads.
Support Sporcle.
Get the best of Sporcle when you Go Orange. This ad-free experience offers more features, more stats, and more fun while also helping to support Sporcle. Thank you for becoming a member.

Show Comments

Extras

Top Quizzes Today


Score Distribution

Your Account Isn't Verified!

In order to create a playlist on Sporcle, you need to verify the email address you used during registration. Go to your Sporcle Settings to finish the process.

Report this User

Report this user for behavior that violates our Community Guidelines.

Details: